|
|
|
|
| LEADER |
00000nam0a2200000 4500 |
| 001 |
35003 |
| 005 |
20231101210255.0 |
| 035 |
|
|
|a (RuTPU)RU\TPU\book\35419
|
| 035 |
|
|
|a BOOK00002071
|
| 090 |
|
|
|a 35003
|
| 100 |
|
|
|a 20011210d1985 km y0rusy50 ca
|
| 101 |
0 |
|
|a rus
|
| 102 |
|
|
|a RU
|
| 105 |
|
|
|a y z 000zy
|
| 200 |
1 |
|
|a Применение прецизионных аналоговых микросхем
|f А. Г. Алексенко, Е. А. Коломбет, Г. И. Стародуб
|
| 205 |
|
|
|a 2-е изд., перераб. и доп.
|
| 210 |
|
|
|a Москва
|c Радио и связь
|d 1985
|
| 215 |
|
|
|a 255 с.
|
| 606 |
1 |
|
|a Микросхемотехника
|2 stltpush
|3 (RuTPU)RU\TPU\subj\43763
|9 63206
|
| 610 |
1 |
|
|a электроника
|
| 610 |
1 |
|
|a микроэлектроника
|
| 610 |
1 |
|
|a прецизионные аналоговые микросхемы
|
| 610 |
1 |
|
|a операционные усилители
|
| 610 |
1 |
|
|a компараторы
|
| 610 |
1 |
|
|a перемножители напряжения
|
| 610 |
1 |
|
|a аппаратурные задачи
|
| 610 |
1 |
|
|a решения
|
| 610 |
1 |
|
|a схемы
|
| 675 |
|
|
|a 621.382.049.77
|v 3
|
| 700 |
|
1 |
|a Алексенко
|b А. Г.
|g Андрей Геннадьевич
|
| 701 |
|
1 |
|a Коломбет
|b Е. А.
|g Евгений Александрович
|
| 701 |
|
1 |
|a Стародуб
|b Г. И.
|g Георгий Иванович
|
| 801 |
|
0 |
|a RU
|b 63413507
|c 20011210
|g PSBO
|
| 801 |
|
2 |
|a RU
|b 63413507
|c 20221125
|g PSBO
|
| 900 |
|
|
|a Электроника и микроэлектроника
|
| 942 |
|
|
|c BK
|